Vplyv nástrojov marketingovej komunikácie na spotrebiteľské správanie v sfére zdravého životného štýlu v konkrétnej spoločnosti diplomová práca

Uložené v:
Podrobná bibliografia
Hlavný autor: Jasanová, Katarína
Korporativný autor: Obchodná fakulta EU. Katedra marketingu
Ďalší autori: Korčoková, Marína, 1970-
Médium: Kniha
Jazyk:Slovak
Vydavateľské údaje: Bratislava 2020
Tagy: Pridať tag
Žiadne tagy, Buďte prvý, kto otaguje tento záznam!

MARC

LEADER 00000nbm a2200000 4500
001 0266302
005 20201006134756.4
041 0 |a slo 
044 |a SK 
245 1 0 |a Vplyv nástrojov marketingovej komunikácie na spotrebiteľské správanie v sfére zdravého životného štýlu v konkrétnej spoločnosti  |b diplomová práca  |c Katarína Jasanová ; školiteľ: Marína Korčoková 
264 1 |a Bratislava  |c 2020 
300 |a 78 s. 
100 1 |a Jasanová, Katarína 
700 1 |a Korčoková, Marína, 1970- 
710 2 |a Obchodná fakulta EU. Katedra marketingu